Triple-double en playoffs en NBA - Statistiques

Statistiques générales
  • Ce quiz a été pris 380 fois
    174 depuis la dernière actualisation
  • Le résultat moyen est 6 sur 10
Statistiques - réponses
Rang Nom Triple-doubles % Correct
2 LeBron James 28
99%
4 Russell Westbrook 12
94%
3 Nikola Jokić 18
92%
1 Magic Johnson 30
66%
6 Larry Bird 10
63%
9 Luka Dončić 10
60%
10 Wilt Chamberlain 9
56%
5 Jason Kidd 11
41%
6 Draymond Green 10
35%
6 Rajon Rondo 10
9%
Aucun quiz correspondant
Distribution des résultats
% des personnes avec chaque résultat
Percentile par nombre de réponses
Votre historique - résultats
Vous n’avez pas pris ce quiz depuis la dernière actualisation